[Event "Titled Tuesday intern op 28th Jan Early"]
[Site "Chess.com INT"]
[Date "2025.01.28"]
[Round "6"]
[White "Rushbrooke, Remy"]
[Black "Senft, Sean"]
[Result "1-0"]
[WhiteElo "2100"]
[BlackElo "2054"]
[PlyCount "165"]
[EventDate "2025.01.28"]
[EventType "swiss (blitz)"]
[EventRounds "11"]
[EventCountry "USA"]
[SourceTitle "CB06_2025"]
[SourceDate "2025.02.05"]
[SourceVersion "1"]
[SourceVersionDate "2025.02.05"]
[SourceQuality "1"]

1. Nf3 d5 2. g3 c6 3. Bg2 Nf6 4. c4 Bg4 5. Ne5 Bf5 6. cxd5 cxd5 7. Qb3 Nc6 8. Nxc6 bxc6 9. d4 e6 10. Nc3 Ne4 11. Nxe4 dxe4 12. Be3 Rb8 13. Qa4 Bb4+ 14. Kf1 Qd6 15. Bf4 Qd8 16. Bxb8 Qxb8 17. a3 Be7 18. Qxc6+ Kf8 19. b4 g5 20. Rc1 Kg7 21. Bxe4 Bh3+ 22. Bg2 g4 23. Bxh3 gxh3 24. Qc7 Qe8 25. Qf4 h5 26. g4 h4 27. Qf3 Qd7 28. e3 Qb5+ 29. Qe2 Qd5 30. f3 a5 31. Kf2 axb4 32. axb4 Bxb4 33. Qc4 Qb7 34. Rb1 Rb8 35. Rhc1 Qb6 36. Rc2 Qd6 37. Rcb2 Qxh2+ 38. Kf1 Qh1+ 39. Ke2 Qg2+ 40. Kd3 Qxf3 41. Qc7 Ra8 42. Qe5+ Kg6 43. Qh5+ Kg7 44. Qg5+ Kh7 45. Qxh4+ Kg7 46. Qg5+ Kh7 47. Qh5+ Kg7 48. Qg5+ Kh7 49. Rxb4 h2 50. Qh4+ Kg7 51. Qxh2 Ra3+ 52. R4b3 Ra5 53. Qe2 Qd5 54. e4 Qc6 55. Rc3 Qa6+ 56. Ke3 Qa7 57. Rd3 Qe7 58. Rbd1 Qg5+ 59. Kf3 Ra8 60. Qe3 Qf6+ 61. Kg3 Rh8 62. g5 Qg6 63. Qf4 Rh5 64. Kf3 Rxg5 65. Ke2 Rg2+ 66. Ke3 Rg3+ 67. Kd2 Rg2+ 68. Kc3 Qh5 69. Qe5+ Qxe5 70. dxe5 Ra2 71. R1d2 Ra5 72. Kd4 Ra4+ 73. Ke3 Ra5 74. Kf4 Ra1 75. Rf3 Re1 76. Rd7 Kg6 77. Rg3+ Kh6 78. Rxf7 Rf1+ 79. Rf3 Rg1 80. Rf6+ Kh7 81. Rh3+ Kg7 82. Rg3+ Kh7 83. Rxg1 1-0

[Event "Titled Tuesday intern op 21st Jan Late"]
[Site "Chess.com INT"]
[Date "2025.01.21"]
[Round "5"]
[White "Senft, Sean"]
[Black "Bustamante, Oscar"]
[Result "1-0"]
[WhiteElo "2054"]
[BlackElo "2038"]
[PlyCount "35"]
[EventDate "2025.01.21"]
[EventType "swiss (blitz)"]
[EventRounds "11"]
[EventCountry "USA"]
[SourceTitle "CB05_2025"]
[SourceDate "2025.01.29"]
[SourceVersion "1"]
[SourceVersionDate "2025.01.29"]
[SourceQuality "1"]

1. d4 d6 2. c4 Nf6 3. Nc3 Nbd7 4. e4 e5 5. Nf3 g6 6. h3 Bg7 7. Be2 0-0 8. Be3 Re8 9. d5 c6 10. 0-0 cxd5 11. cxd5 a6 12. Nd2 b5 13. b4 Bb7 14. Rc1 Nb6 15. a3 Rc8 16. Nb3 Nc4 17. Bxc4 Rc7 18. Bd3 1-0

[Event "Titled Tuesday intern op 21st Jan Late"]
[Site "Chess.com INT"]
[Date "2025.01.21"]
[Round "1"]
[White "Vazelakis, Dimitrios"]
[Black "Senft, Sean"]
[Result "0-1"]
[WhiteElo "1857"]
[BlackElo "2054"]
[PlyCount "78"]
[EventDate "2025.01.21"]
[EventType "swiss (blitz)"]
[EventRounds "11"]
[EventCountry "USA"]
[SourceTitle "CB05_2025"]
[SourceDate "2025.01.29"]
[SourceVersion "1"]
[SourceVersionDate "2025.01.29"]
[SourceQuality "1"]

1. d4 d5 2. Nc3 c6 3. Bf4 Nf6 4. e3 Bf5 5. f3 e6 6. g4 Bg6 7. h4 h5 8. g5 Nfd7 9. Bd3 Bxd3 10. Qxd3 g6 11. 0-0-0 Bg7 12. Nge2 Qa5 13. Kb1 Na6 14. e4 0-0 15. Ng3 Nb4 16. Qd2 Nb6 17. Be5 Nc4 18. Qc1 Nxe5 19. dxe5 Bxe5 20. a3 Bxg3 21. axb4 Qxb4 22. f4 Bf2 23. f5 Bd4 24. Ne2 Be5 25. c3 Qxe4+ 26. Qc2 Qxc2+ 27. Kxc2 exf5 28. Nd4 Bxd4 29. Rxd4 Rfe8 30. c4 dxc4 31. Rd7 b5 32. Rc7 Rac8 33. Rxa7 Re2+ 34. Kc1 b4 35. Rd1 Rce8 36. Rc7 R8e6 37. Rd8+ Kg7 38. Rd2 Rxd2 39. Kxd2 f4 0-1

[Event "Titled Tuesday intern op 14th Jan Early"]
[Site "Chess.com INT"]
[Date "2025.01.14"]
[Round "2"]
[White "Senft, Sean"]
[Black "Vasquez Schroder, Rodrigo Rafael"]
[Result "1/2-1/2"]
[WhiteElo "2054"]
[BlackElo "2446"]
[PlyCount "98"]
[EventDate "2025.01.14"]
[EventType "swiss (blitz)"]
[EventRounds "11"]
[EventCountry "USA"]
[SourceTitle "CB04_2025"]
[SourceDate "2025.01.22"]
[SourceVersion "1"]
[SourceVersionDate "2025.01.22"]
[SourceQuality "1"]

1. d4 Nf6 2. c4 e6 3. Nc3 Bb4 4. Nf3 0-0 5. Bg5 h6 6. Bh4 Bxc3+ 7. bxc3 d6 8. e3 Nbd7 9. Bd3 b6 10. 0-0 Bb7 11. Nd2 c5 12. e4 Qc7 13. f4 cxd4 14. cxd4 e5 15. fxe5 dxe5 16. d5 Qd6 17. Qf3 Rac8 18. Rf2 Nh7 19. Raf1 Rce8 20. Qh5 Nc5 21. Bc2 Qg6 22. Qe2 Ng5 23. Bxg5 hxg5 24. Nb3 Rc8 25. Rf5 f6 26. Nxc5 Rxc5 27. Bb3 Bc8 28. R5f2 Bd7 29. Qe3 g4 30. Qg3 Qg5 31. h3 Kf7 32. Bd1 Ke7 33. Bxg4 Bxg4 34. hxg4 g6 35. Rf3 Rxc4 36. Rc3 Rfc8 37. Rxc4 Rxc4 38. Qa3+ Ke8 39. Qxa7 Rxe4 40. Qb8+ Kf7 41. Qc7+ Kf8 42. d6 Rxg4 43. Rf2 Rd4 44. d7 Rd1+ 45. Rf1 Qe3+ 46. Kh2 Qh6+ 47. Kg1 Qe3+ 48. Kh2 Qh6+ 49. Kg1 Qe3+ 1/2-1/2

[Event "Titled Tuesday intern op 30th Jul Late"]
[Site "Chess.com INT"]
[Date "2024.07.30"]
[Round "3"]
[White "Galchenko, Matvey"]
[Black "Senft, Sean"]
[Result "0-1"]
[WhiteElo "2438"]
[BlackElo "2054"]
[PlyCount "56"]
[EventDate "2024.07.30"]
[EventType "swiss (blitz)"]
[EventRounds "11"]
[EventCountry "USA"]
[SourceTitle "EXT 2025"]
[Source "ChessBase"]
[SourceDate "2024.10.14"]
[SourceVersion "1"]
[SourceVersionDate "2024.10.14"]
[SourceQuality "1"]

1. f4 d5 2. Nf3 Nf6 3. g3 c5 4. Bg2 g6 5. 0-0 Bg7 6. d3 Nc6 7. Nc3 d4 8. Na4 Nd7 9. c4 0-0 10. a3 Rb8 11. Rb1 e5 12. b4 cxb4 13. axb4 b5 14. cxb5 Rxb5 15. Ba3 Bb7 16. Nd2 exf4 17. Rxf4 Bh6 18. Rf1 Nce5 19. Ne4 Bxe4 20. Bxe4 Ng4 21. Qb3 Rh5 22. Bc1 Bxc1 23. Rbxc1 Qg5 24. h4 Qe3+ 25. Kg2 Qxe2+ 26. Kh3 Ne3 27. Bf3 Qd2 28. Bxh5 Qg2# 0-1

[Event "Titled Tuesday intern op 30th Jul Late"]
[Site "Chess.com INT"]
[Date "2024.07.30"]
[Round "1"]
[White "Senft, Sean"]
[Black "Bortnyk, Olexandr"]
[Result "0-1"]
[WhiteElo "2054"]
[BlackElo "2608"]
[PlyCount "70"]
[EventDate "2024.07.30"]
[EventType "swiss (blitz)"]
[EventRounds "11"]
[EventCountry "USA"]
[SourceTitle "EXT 2025"]
[Source "ChessBase"]
[SourceDate "2024.10.14"]
[SourceVersion "1"]
[SourceVersionDate "2024.10.14"]
[SourceQuality "1"]

1. d4 Nf6 2. c4 b6 3. Nc3 Bb7 4. Nf3 g6 5. Bg5 Bg7 6. e3 d6 7. Bd3 Nbd7 8. Qc2 a6 9. 0-0 Bxf3 10. gxf3 Qc8 11. Be4 c6 12. f4 h6 13. Bxf6 Nxf6 14. Kh1 0-0 15. Rg1 d5 16. cxd5 cxd5 17. Bf3 e6 18. Rg3 Qd7 19. Rag1 Rac8 20. Qb3 b5 21. f5 exf5 22. Nxd5 Nxd5 23. Bxd5 Kh7 24. f4 a5 25. Bg2 a4 26. Qd1 Rfe8 27. Qd2 Bf6 28. Rh3 Re7 29. Qf2 Qc7 30. Qf3 Qc2 31. d5 Rd8 32. Rd1 Rxe3 33. Qxe3 Qxd1+ 34. Qg1 Qd2 35. b3 Re8 0-1

[Event "Titled Tuesday intern op 30th Jul Late"]
[Site "Chess.com INT"]
[Date "2024.07.30"]
[Round "7"]
[White "Senft, Sean"]
[Black "Zeydan, Salih"]
[Result "1-0"]
[WhiteElo "2054"]
[BlackElo "2060"]
[PlyCount "73"]
[EventDate "2024.07.30"]
[EventType "swiss (blitz)"]
[EventRounds "11"]
[EventCountry "USA"]
[SourceTitle "EXT 2025"]
[Source "ChessBase"]
[SourceDate "2024.10.14"]
[SourceVersion "1"]
[SourceVersionDate "2024.10.14"]
[SourceQuality "1"]

1. d4 Nf6 2. c4 c5 3. d5 b5 4. Qc2 b4 5. e4 d6 6. f4 g6 7. Nf3 Bg7 8. Bd3 0-0 9. 0-0 e6 10. f5 exf5 11. exf5 Ng4 12. Bg5 Bd4+ 13. Kh1 f6 14. Bc1 g5 15. h3 Ne3 16. Bxe3 Bxe3 17. Nbd2 Nd7 18. Ne4 Ne5 19. Rae1 Nxf3 20. Rxf3 Bd4 21. g4 Kg7 22. h4 h6 23. Rh3 Re8 24. Kg2 Be5 25. Reh1 Rh8 26. hxg5 fxg5 27. Rh5 Bf6 28. Kf3 Qe7 29. Qh2 Qe5 30. Qxe5 Bxe5 31. f6+ Bxf6 32. Nxf6 Kxf6 33. Rxh6+ Rxh6 34. Rxh6+ Ke5 35. Rg6 Bd7 36. Ke3 Re8 37. Be4 1-0

[Event "Titled Tuesday intern op 23rd Jul Early"]
[Site "Chess.com INT"]
[Date "2024.07.23"]
[Round "3"]
[White "Senft, Sean"]
[Black "Korol, Dimitry"]
[Result "0-1"]
[WhiteElo "2054"]
[BlackElo "2287"]
[PlyCount "78"]
[EventDate "2024.07.23"]
[EventType "swiss (blitz)"]
[EventRounds "11"]
[EventCountry "USA"]
[SourceTitle "EXT 2025"]
[Source "ChessBase"]
[SourceDate "2024.10.14"]
[SourceVersion "1"]
[SourceVersionDate "2024.10.14"]
[SourceQuality "1"]

1. d4 Nf6 2. c4 c5 3. d5 b5 4. Qc2 bxc4 5. e4 d6 6. Bxc4 g6 7. Nc3 Bg7 8. f4 0-0 9. Nf3 Nbd7 10. 0-0 Nb6 11. b3 Nxe4 12. Nxe4 Bxa1 13. Nc3 Nxc4 14. bxc4 Bf5 15. Qb3 Rb8 16. Qa3 Qb6 17. Bd2 Bb2 18. Qa4 Qb4 19. Qxb4 cxb4 20. Na4 Bf6 21. Re1 Bd7 22. Nb2 Bxb2 23. Rxe7 Bg4 24. Ng5 Bf6 25. Re1 Bxg5 26. fxg5 Rfe8 27. Rf1 Bf5 28. Bf4 Rbd8 29. Rf2 a5 30. Rb2 Re4 31. g3 Rxc4 32. h4 Rc2 33. Rb1 Rg2+ 34. Kxg2 Bxb1 35. Kf3 Bxa2 36. Ke3 b3 37. Kd2 b2 38. Kc3 b1Q 39. Kd4 Qb3 0-1

[Event "Titled Tuesday intern op 23rd Jul Early"]
[Site "Chess.com INT"]
[Date "2024.07.23"]
[Round "2"]
[White "Storey, Charles"]
[Black "Senft, Sean"]
[Result "1-0"]
[WhiteElo "2159"]
[BlackElo "2054"]
[PlyCount "124"]
[EventDate "2024.07.23"]
[EventType "swiss (blitz)"]
[EventRounds "11"]
[EventCountry "USA"]
[SourceTitle "EXT 2025"]
[Source "ChessBase"]
[SourceDate "2024.10.14"]
[SourceVersion "1"]
[SourceVersionDate "2024.10.14"]
[SourceQuality "1"]

1. e4 c5 2. Nf3 d6 3. d4 cxd4 4. Nxd4 Nf6 5. f3 e5 6. Nb3 a5 7. a4 Be6 8. c4 Be7 9. Nc3 0-0 10. Be3 Nbd7 11. Be2 Qc7 12. Rc1 Rfc8 13. Nb5 Qc6 14. Qd2 Nc5 15. Nxc5 dxc5 16. 0-0 Rd8 17. Qe1 Nh5 18. g3 Rd7 19. b3 Rad8 20. Qxa5 b6 21. Qc3 Bf6 22. Rcd1 g6 23. Rxd7 Rxd7 24. Rd1 Ng7 25. Rxd7 Bxd7 26. Qd3 Be7 27. f4 f5 28. Bf3 exf4 29. Bxf4 Qe6 30. e5 Bc6 31. Bd5 Bxd5 32. cxd5 Qd7 33. d6 Ne6 34. Qd5 Bd8 35. h4 Kg7 36. Kh2 h6 37. Qa8 g5 38. hxg5 hxg5 39. Bd2 Kg6 40. Qa7 Qe8 41. Nc7 Bxc7 42. dxc7 Qc8 43. Qxb6 Kf7 44. Bxg5 Qxc7 45. Qxc7+ Nxc7 46. Be3 Na6 47. Kg2 Ke6 48. Bf4 Nb4 49. Kf3 Nd3 50. Ke2 Nb4 51. Kd2 Nd5 52. Kd3 Nb6 53. Be3 Kd5 54. a5 Nc8 55. Bf4 Na7 56. Kc3 Nb5+ 57. Kb2 Nc7 58. Ka3 Na6 59. Ka4 Nb4 60. Kb5 Nd3 61. a6 Nb4 62. a7 Nc6 1-0

[Event "Titled Tuesday intern op 16th Jul Early"]
[Site "Chess.com INT"]
[Date "2024.07.16"]
[Round "6"]
[White "Michalczak, Thomas"]
[Black "Senft, Sean"]
[Result "1-0"]
[WhiteElo "2187"]
[BlackElo "2054"]
[PlyCount "85"]
[EventDate "2024.07.16"]
[EventType "swiss (blitz)"]
[EventRounds "11"]
[EventCountry "USA"]
[SourceTitle "EXT 2025"]
[Source "ChessBase"]
[SourceDate "2024.10.14"]
[SourceVersion "1"]
[SourceVersionDate "2024.10.14"]
[SourceQuality "1"]

1. e4 c5 2. c3 d5 3. exd5 Qxd5 4. Nf3 Nf6 5. Na3 Bg4 6. Bc4 Qd8 7. Bxf7+ Kxf7 8. Ne5+ Kg8 9. Nxg4 e6 10. Qb3 Qd5 11. Nxf6+ gxf6 12. Qxd5 exd5 13. d3 Nc6 14. Bf4 Kf7 15. 0-0-0 Rg8 16. g3 a6 17. Nc2 b5 18. Ne3 d4 19. Nf5 Kg6 20. Nh4+ Kh5 21. Rhe1 Rc8 22. Kb1 dxc3 23. bxc3 b4 24. Kc2 bxc3 25. Kxc3 Nd4 26. Kc4 Rg4 27. Ng2 Nf3 28. Re6 Ne5+ 29. Kc3 Bg7 30. Rxa6 Nc6 31. Kd2 f5 32. Ne3 Rg6 33. Nxf5 Bf8 34. h3 Rf6 35. g4+ Kg6 36. Nh4+ Kf7 37. Be3 Nd4 38. Rxf6+ Kxf6 39. Bxd4+ cxd4 40. Nf5 Bb4+ 41. Ke2 Rc2+ 42. Kf3 Rxa2 43. Rb1 1-0

[Event "Titled Tuesday intern op 16th Jul Late"]
[Site "Chess.com INT"]
[Date "2024.07.16"]
[Round "6"]
[White "Nunes, Agatha Hurba"]
[Black "Senft, Sean"]
[Result "0-1"]
[WhiteElo "1905"]
[BlackElo "2054"]
[PlyCount "228"]
[EventDate "2024.07.16"]
[EventType "swiss (blitz)"]
[EventRounds "11"]
[EventCountry "USA"]
[SourceTitle "EXT 2025"]
[Source "ChessBase"]
[SourceDate "2024.10.14"]
[SourceVersion "1"]
[SourceVersionDate "2024.10.14"]
[SourceQuality "1"]

1. d4 d5 2. c4 c6 3. cxd5 cxd5 4. Nc3 Nf6 5. Nf3 Nc6 6. Bf4 a6 7. e3 Bg4 8. Be2 Bxf3 9. Bxf3 e6 10. 0-0 Bd6 11. Bxd6 Qxd6 12. a3 0-0 13. b4 Rac8 14. Qb3 e5 15. Nxd5 exd4 16. Nxf6+ Qxf6 17. Bxc6 Rxc6 18. exd4 Qxd4 19. Rad1 Qf6 20. Rd3 h6 21. Rf3 Qg5 22. Rg3 Qe5 23. Qf3 Rfc8 24. h3 Qb2 25. Qf4 Rf6 26. Qg4 Rfc6 27. Qf4 Rc4 28. Qxh6 Rc1 29. Rxc1 Rxc1+ 30. Kh2 g6 31. Qg5 Qa1 32. Re3 Rh1+ 33. Kg3 Kg7 34. Qe5+ Qxe5+ 35. Rxe5 Kf6 36. Rc5 Ra1 37. Rc7 b5 38. Rc6+ Ke5 39. Rxa6 Kd4 40. Ra7 f5 41. Rb7 Rxa3+ 42. f3 Kc4 43. Rb6 g5 44. h4 gxh4+ 45. Kxh4 Kxb4 46. Rf6 Ra2 47. g3 Kc3 48. Rxf5 b4 49. Rc5+ Kd4 50. Rc1 b3 51. Rd1+ Ke3 52. f4 Re2 53. Rd8 Kf3 54. Rd3+ Re3 55. Rd1 b2 56. Rb1 Rb3 57. f5 Rb4+ 58. Kg5 Kxg3 59. f6 Rg4+ 60. Kf5 Rf4+ 61. Ke6 Re4+ 62. Kf7 Re2 63. Kf8 Kf4 64. f7 Kf5 65. Kg8 Rg2+ 66. Kf8 Kf6 67. Rf1+ Ke6 68. Re1+ Kf6 69. Rf1+ Ke6 70. Re1+ Kd7 71. Rd1+ Kc7 72. Ke8 Re2+ 73. Kf8 Rc2 74. Ke8 Rc1 75. f8Q Rxd1 76. Qc5+ Kb7 77. Qb4+ Kc6 78. Qc3+ Kd6 79. Qb4+ Kc7 80. Qc3+ Kd6 81. Qb3 b1Q 82. Qg3+ Kd5 83. Qg5+ Kc4 84. Qg8+ Kc3 85. Qg7+ Kd2 86. Qg5+ Kc2 87. Qg6+ Kc1 88. Qg5+ Rd2 89. Qg1+ Kb2 90. Qb6+ Kc2 91. Qc5+ Kd1 92. Qg1+ Kc2 93. Qc5+ Kb3 94. Qb6+ Ka2 95. Qa7+ Kb2 96. Qb6+ Ka1 97. Qa7+ Ra2 98. Qd4+ Rb2 99. Qa7+ Qa2 100. Qg1+ Rb1 101. Qd4+ Qb2 102. Qa7+ Qa2 103. Qd4+ Rb2 104. Qg1+ Qb1 105. Qa7+ Ra2 106. Qd4+ Qb2 107. Qg1+ Qc1 108. Qd4+ Kb1 109. Qb6+ Rb2 110. Qg6+ Qc2 111. Qg1+ Ka2 112. Qa7+ Kb3 113. Qb6+ Ka3 114. Qa7+ Qa4+ 0-1

[Event "Titled Tuesday intern op 16th Jul Late"]
[Site "Chess.com INT"]
[Date "2024.07.16"]
[Round "4"]
[White "Senft, Sean"]
[Black "Bambino Filho, Antonio Carlos"]
[Result "0-1"]
[WhiteElo "2054"]
[BlackElo "2168"]
[PlyCount "54"]
[EventDate "2024.07.16"]
[EventType "swiss (blitz)"]
[EventRounds "11"]
[EventCountry "USA"]
[SourceTitle "EXT 2025"]
[Source "ChessBase"]
[SourceDate "2024.10.14"]
[SourceVersion "1"]
[SourceVersionDate "2024.10.14"]
[SourceQuality "1"]

1. d4 Nf6 2. c4 e6 3. Nc3 d5 4. cxd5 Nxd5 5. Nf3 c5 6. e3 Nc6 7. Be2 cxd4 8. exd4 Be7 9. 0-0 Bf6 10. Be3 Nxe3 11. fxe3 0-0 12. Qd2 b6 13. Rac1 Bb7 14. Ne1 Qd7 15. Nd3 Rad8 16. Bf3 Bxd4 17. exd4 Qxd4+ 18. Rf2 Qxd3 19. Qxd3 Rxd3 20. Nb5 Rc8 21. Rfc2 Rxf3 22. gxf3 Ne7 23. Rxc8+ Bxc8 24. Nxa7 Ba6 25. Rc7 Nd5 26. Rc6 g6 27. Nc8 Bb7 0-1

[Event "Titled Tuesday intern op 16th Jul Late"]
[Site "Chess.com INT"]
[Date "2024.07.16"]
[Round "1"]
[White "Zenelaj, Samuel"]
[Black "Senft, Sean"]
[Result "1-0"]
[WhiteElo "2207"]
[BlackElo "2054"]
[PlyCount "59"]
[EventDate "2024.07.16"]
[EventType "swiss (blitz)"]
[EventRounds "11"]
[EventCountry "USA"]
[SourceTitle "EXT 2025"]
[Source "ChessBase"]
[SourceDate "2024.10.14"]
[SourceVersion "1"]
[SourceVersionDate "2024.10.14"]
[SourceQuality "1"]

1. e4 c5 2. Nf3 d6 3. d4 cxd4 4. Nxd4 Nf6 5. Nc3 a6 6. Be3 e5 7. Nf3 Be6 8. Ng5 Be7 9. Nxe6 fxe6 10. Bc4 Qd7 11. 0-0 Nc6 12. Qd2 b5 13. Bb3 b4 14. Na4 Qb7 15. Bxe6 Nxe4 16. Qd3 Nf6 17. Nb6 Rd8 18. Nd5 Nxd5 19. Bxd5 Qc7 20. Qf5 Bf6 21. Qe6+ Ne7 22. Rad1 Rf8 23. Bb3 Qd7 24. Rxd6 Qxd6 25. Ba4+ Qd7 26. Bxd7+ Rxd7 27. Bc5 Kd8 28. Qxa6 Rf7 29. Bb6+ Ke8 30. Qa8+ 1-0

[Event "Titled Tuesday intern op 09th Jul Late"]
[Site "Chess.com INT"]
[Date "2024.07.09"]
[Round "6"]
[White "Coe, William R"]
[Black "Senft, Sean"]
[Result "0-1"]
[WhiteElo "2078"]
[BlackElo "2054"]
[PlyCount "66"]
[EventDate "2024.07.09"]
[EventType "swiss (blitz)"]
[EventRounds "11"]
[EventCountry "USA"]
[SourceTitle "EXT 2025"]
[Source "ChessBase"]
[SourceDate "2024.10.14"]
[SourceVersion "1"]
[SourceVersionDate "2024.10.14"]
[SourceQuality "1"]

1. e4 c5 2. Nf3 d6 3. d4 cxd4 4. Nxd4 Nf6 5. Nc3 a6 6. h3 e6 7. g4 Be7 8. g5 Nfd7 9. h4 0-0 10. Bg2 Nc6 11. Be3 Nxd4 12. Bxd4 b5 13. 0-0 Bb7 14. Qg4 Ne5 15. Bxe5 dxe5 16. Rad1 Qc7 17. a3 Bxa3 18. Nxb5 axb5 19. bxa3 Rxa3 20. h5 Qxc2 21. g6 Qc7 22. gxh7+ Kxh7 23. Rd2 Rd8 24. Rfd1 Rxd2 25. Rxd2 Qc1+ 26. Rd1 Qf4 27. Qxf4 exf4 28. f3 b4 29. Rd7 Bc6 30. Rc7 b3 31. Rxf7 b2 32. h6 b1Q+ 33. Kh2 Kxh6 0-1

[Event "Titled Tuesday intern op 09th Jul Early"]
[Site "Chess.com INT"]
[Date "2024.07.09"]
[Round "1"]
[White "Rozman, Levy"]
[Black "Senft, Sean"]
[Result "1-0"]
[WhiteElo "2348"]
[BlackElo "2054"]
[PlyCount "47"]
[EventDate "2024.07.09"]
[EventType "swiss (blitz)"]
[EventRounds "11"]
[EventCountry "USA"]
[SourceTitle "EXT 2025"]
[Source "ChessBase"]
[SourceDate "2024.10.14"]
[SourceVersion "1"]
[SourceVersionDate "2024.10.14"]
[SourceQuality "1"]

1. e4 c5 2. a3 b6 3. Nc3 e6 4. d4 cxd4 5. Qxd4 Nc6 6. Qe3 d6 7. Nf3 Nf6 8. Bb5 Bd7 9. Bd2 Be7 10. h3 a6 11. Be2 0-0 12. 0-0 b5 13. Rfd1 Qc7 14. Qf4 Ne5 15. Qg3 Rfd8 16. Be3 Rab8 17. Bd4 Nxf3+ 18. Bxf3 Bc6 19. e5 Ne8 20. Ne4 Bxe4 21. Bxe4 d5 22. Bd3 Bc5 23. Qh4 g6 24. c3 1-0

[Event "Titled Tuesday intern op 09th Jul Late"]
[Site "Chess.com INT"]
[Date "2024.07.09"]
[Round "4"]
[White "Senft, Sean"]
[Black "Antunes, Luciano Justi"]
[Result "1-0"]
[WhiteElo "2054"]
[BlackElo "2045"]
[PlyCount "63"]
[EventDate "2024.07.09"]
[EventType "swiss (blitz)"]
[EventRounds "11"]
[EventCountry "USA"]
[SourceTitle "EXT 2025"]
[Source "ChessBase"]
[SourceDate "2024.10.14"]
[SourceVersion "1"]
[SourceVersionDate "2024.10.14"]
[SourceQuality "1"]

1. d4 Nf6 2. c4 e6 3. Nc3 Bb4 4. Nf3 Bxc3+ 5. bxc3 c5 6. Bg5 h6 7. Bh4 d6 8. e3 Nbd7 9. Bd3 Qa5 10. Qc2 b6 11. 0-0 Bb7 12. Nd2 e5 13. f4 exd4 14. exd4 0-0 15. Rae1 Rfe8 16. d5 a6 17. Ne4 Nxe4 18. Bxe4 b5 19. Bf5 Nf8 20. Re2 Rxe2 21. Qxe2 Qxc3 22. Qe7 Qd4+ 23. Bf2 Qxf4 24. Qxb7 Re8 25. Bxc5 Qxc4 26. Bxd6 Qd4+ 27. Kh1 Qc4 28. Bd3 Qxd3 29. Qxf7+ Kh7 30. Bxf8 Rxf8 31. Qxf8 Qxd5 32. Qf5+ 1-0